000 00380nam a2200181Ia 4500
005 20240823054034.0
008 240823s9999||||xx |||||||||||||| ||und||
041 _aENGLISH
082 _A539
100 _aVasudeva A S
245 0 _aModern Physics
250 _a1st
260 _b"S K K,"
500 _aYES
650 _aPhysics
_bPhysics
942 _cBK
999 _c225533
_d225533